| 000 | 01143nam a22002657a 4500 | ||
|---|---|---|---|
| 001 | BD-DhSAU 7469 | ||
| 003 | BD-DhSAU | ||
| 005 | 20240321111603.0 | ||
| 008 | 150422b2006 bg ||||| m||m 00| 0 eng d | ||
| 040 | _aBD-DhSAU | ||
| 082 |
_222 _a338.1 _bM86 |
||
| 100 |
_aMOUDUDI, MD. SAIED ABUL ALA _eRegistration No. # 15-06714 |
||
| 245 |
_aMeasuring poverty using multidimensional poverty
index: a case study of putimari union, nilphamari /
_bMS thesis |
||
| 260 |
_aSher-e- Bangla Agricultural University: _bDepartment of Devlopment And Poverty Studies, _c2022. |
||
| 300 |
_av, 48p.: _b30 cm. |
||
| 500 | _aMS thesis of Department of Devlopment And Poverty Studies, Faculty of Agri Business, Sher-e-Bangla Agricultural University, Dhaka, Bangladesh | ||
| 590 | _aNamul | ||
| 650 | _ameasuring poverty | ||
| 651 | _amultidimensional poverty index | ||
| 654 | _aputimari union, nilphamari | ||
| 700 |
_eSuperviser _dProf. Dr. Md. Mizanur Rahman Sarker |
||
| 700 |
_eCo-Superviser _dProf. Md. Hayder Khan Sujan |
||
| 856 | _uhttp://archive.saulibrary.edu.bd:8080/xmlui/handle/123456789/5193 | ||
| 942 |
_2ddc _cTHESIS |
||
| 999 |
_c17467 _d17466 |
||